Responses for Show #9131 - Monday, June 24, 2024

Drew Basile game 4.

Contestants

[<< previous game]

Graham Hicks, a lighting designer from Ottawa, Ontario, Canada

Erin Buker, a stay-at-home mom from San Pedro, California

Drew Basile, a graduate student from Birmingham, Michigan (whose 3-day cash winnings total $53,282)

[next game >>]

Jeopardy! Round responses

POETRY TEST
PREHISTORIC ANIMALS
LET HIM COOK
I'M FEELING POSITIVE
THE DIRECTOR'S CUT
A ONE E & A 2 E
(Ken: Each correct response is two words, one with a single "E", one with a double "E", like "bet" and "beet".)
    $200 23
(Graham: What's Realize?)
...
(Ken: The poem is Still I [*].)
[NOTE: The poem is And Still I [*].]

Rise

Graham
Triple Stumper
    $200 9
a shark

Drew
    $200 17
alfredo

Graham
    $200 27
protons

Drew
    $200 2
Lord of the Rings

Erin
    $200 22
ref & reef

Drew
    $400 7
heart

Drew
    $1,600 11
a woolly mammoth

Graham
    $400 16
Gordon Ramsay

Drew
    $400 28
Memphis

Drew
    $400 18
Blade Runner

Graham
    $400 1
(Drew: What is très and tree?)

très & trees

DrewGraham
    $600 8
success

Graham
    $600 10
a saber-toothed tiger

Graham
    $600 15
Emeril

Graham
    $600 29
1 & 9

Drew
    $600 19
(Erin: What is The Abyss?)

Close Encounters of the Third Kind

ErinGraham
    $600 4
per & peer

Drew
    $800 24
the Aeneid

Drew
    $800 12
an otter

Erin
    $800 14
kimchi

Drew
    $800 30
(Erin: What is a node?)

terminals

DrewErin
    $800 20
Little Shop of Horrors

Graham
    $800 5
ken & keen

Drew
    $1000 25
Plath

Drew
    $1000 26
arthropods

Drew
    $1000 13
(Graham: What's Lyonnaise?)

niçoise

Graham
Triple Stumper
    $1000 3
Positive Thinking

Drew
    $1000 21
(Ken: He loves his own cut, yes.)

Zack Snyder

Drew
    $1000 6
pep & peep

Triple Stumper

Scores at the first commercial break (after clue 15):

Drew Erin Graham
$3,400 $1,000 $2,800

Scores at the end of the Jeopardy! Round:

Drew Erin Graham
$9,800 -$400 $4,600

Double Jeopardy! Round responses

PRESIDENTIAL NICKNAMES
AROUND ITALY
WHERE'S THE MEETING?
OLDE CARS
NOTHING LIKE LIVE MUSIC
14-LETTER RESPONSES
    $400 16
(Drew: Who is Trump?)
...
(Ken: It was [*] who was the "Teflon President".)

Reagan

Drew
Triple Stumper
    $400 23
Stradivarius

Drew
    $400 24
Churchill

Drew
    $400 27
the Model T

Drew
    $400 5
(Erin: What is heavy metal?)
...
(Ken: [*] has more spitting, yes.)
[Laughter]

punk

ErinGraham
    $400 26
correspondence

Drew
    $800 15
Buchanan

Drew
    $800 11
the Forum

Drew
    $800 18
the Rhine

Drew
    $800 28
Packard

Graham
    $800 6
Coachella

Graham
    $800 25
gentrification

Drew
    $1200 12
Monroe

Drew
    $1200 4
largest (it's bigger than they are)

Graham
    $1200 17
(Drew: Uh, what is Germany?)
(Erin: What is Scotland?)

the Netherlands

DrewErinGraham
    $1200 20
(Erin: What is Cortes?)

DeSoto

DrewErin
    $1200 7
Adam Levine

Drew
    $1200 1
Nebuchadnezzar

Drew
    $1600 13
"His Accidency"

Drew
    $1600 8
(Ken: Florence, right.)

Firenze

Drew
    $1600 19
Camp Meetings

Triple Stumper
    $200 21
(Drew: Notre Dame.)
(Ken: No, I'm sorry, don't forget your phrasing...)

South Bend, Indiana

Drew
    $2,000 9
(Ken: Oh, right before the buzzer.)

Nine Inch Nails & Jane's Addiction

Drew
    $1600 2
libertarianism

Drew
    $2000 14
"Silent Cal"

Graham
    $2000 10
Milan

Drew
    $2000 22
(Erin: Who is Hughes?)
...
(Ken: Probably not happy about Citizen Kane, [*].)

William Randolph Hearst

Erin
Triple Stumper
    $2000 30
the Hudson Hornet

Triple Stumper
    $2000 29
Brandi Carlile

Triple Stumper
    $2000 3
(Erin: What is manifestation?)

autosuggestion

Erin
Triple Stumper

Scores at the end of the Double Jeopardy! Round:

Drew Erin Graham
$26,400 -$7,200 $11,000
(lock game)

[wagering suggestions for these scores]

Final Jeopardy! Round responses

NAMES IN THE HEAVENS
(Ken: It's your...)
(Graham: My nephews and niece.)
...
(Ken: [To Drew] That's the Roman equivalent of Persephone's mom, but I'm afraid that's not correct; she was the wife of the god of the dead, Hades or Pluto, this is actually Pluto's moon, [*], discovered in 1978.)
GrahamWhat are Sam, Jacob and Callista? ♡
$10,999
DrewWhat is Ceres
$4,000
Charon

Final scores:

Drew Erin Graham
$22,400 -$7,200 $1
4-day champion: $75,682 3rd place: $2,000 2nd place: $3,000

Game dynamics:

Coryat scores:

Drew Erin Graham
$26,200 -$7,200 $9,800
33 R
(including 1 DD),
4 W
(including 1 DD)
2 R,
7 W
15 R
(including 1 DD),
2 W

Combined Coryat: $28,800

[game clues] [game scores] [suggest correction]

Game tape date: 2024-05-14
The J! Archive is created by fans, for fans. Scraping, republication, monetization, and malicious use prohibited; this site may use cookies and collect identifying information. See terms. The Jeopardy! game show and all elements thereof, including but not limited to copyright and trademark thereto, are the property of Jeopardy Productions, Inc. and are protected under law. This website is not affiliated with, sponsored by, or operated by Jeopardy Productions, Inc. Join the discussion at JBoard.tv.